Where do people read more? - Statistics

General Stats
  • This quiz has been taken 17 times
  • The average score is 7 of 15
Answer Stats
# Country Hours per week % Correct
9 France 6.54
81%
3 China 8.00
75%
7 Russia 7.06
69%
8 Sweden 6.54
63%
1 India 10.42
56%
13 Poland 6.30
56%
6 Czech Republic 7.24
50%
10 Hungary 6.48
50%
2 Thailand 9.24
50%
4 Philippines 7.36
31%
5 Egypt 7.30
25%
11 Saudi Arabia 6.48
25%
15 South Africa 6.18
13%
12 Hong Kong 6.42
6%
14 Venezuela 6.24
6%
No matching quizzes found
Score Distribution
Percent of People with Each Score
Percentile by Number Answered
Your Score History
You have not taken this quiz